00325nam a2200109Ia 4500008004100000082000900041100001700050245004100067260002500108630004100133730004100174100328s9999 xx 000 0 und d b2812 aHallows R.W. aRadar Radiolocation Simply Explained bScientific Book Club aRadar Radiolocation Simply Explained aRadar Radiolocation Simply Explained